Every Country to win an Olympic Medal: Field Hockey - Statistics

General Stats
  • This quiz has been taken 30 times
    17 since last reset
  • The average score is 12 of 18
Answer Stats
# of Medals Country % Correct
11 Netherlands
100%
13 India
94%
8 Germany
88%
2 Argentina
82%
3 Belgium
82%
10 Australia
76%
9 Great Britain
76%
8 Pakistan
76%
1 Japan
71%
1 New Zealand
71%
1 USA
71%
1 South Korea
65%
4 Spain
65%
1 China
59%
1 Soviet Union
35%
1 Denmark
29%
3 West Germany
12%
1 United Team of Germany
6%
No matching quizzes found
Score Distribution
Percent of People with Each Score
Percentile by Number Answered
Your Score History
You have not taken this quiz since the last reset